Tìm hiểu Luật dạy nghề

Đã lưu trong:
書目詳細資料
主要作者: Nguyễn, Thành Long (Sưu tầm, hệ thống)
其他作者: Dạy nghề
格式: 圖書
出版: Hà Nội Lao động 2007
主題:
標簽: 添加標簽
沒有標簽, 成為第一個標記此記錄!
Thư viện lưu trữ: Trung tâm Học liệu Lê Vũ Hùng, Trường Đại học Đồng Tháp
LEADER 00872pam a22003138a 4500
001 00035584
005 20171026081023.0
008 161213s2007 ||||||Viesd
020 # # |c 15000 
041 0 # |a Vie 
082 1 4 |a 344.597  |b T310H 
100 1 # |a Nguyễn, Thành Long  |e Sưu tầm, hệ thống 
245 1 0 |a Tìm hiểu Luật dạy nghề  |c Nguyễn Thành Long (sưu tầm, hệ thống) 
260 # # |a Hà Nội  |b Lao động  |c 2007 
300 # # |a 76 tr.  |c 24 cm. 
653 # # |a Luật 
653 # # |a Giáo dục 
653 # # |a Việt Nam 
700 1 # |a Dạy nghề 
852 # # |b Kho đọc  |j KD.0017303 
852 # # |j KD.0017303 
910 0 # |d 13/12/2016 
980 # # |a Trung tâm Học liệu Lê Vũ Hùng, Trường Đại học Đồng Tháp